Alphabet Quiz (Advanced) - Statistics

General Stats
  • This quiz has been taken 137 times
  • The average score is 28 of 52
Answer Stats
Type Answer % Correct
A A
100%
B B
100%
C C
100%
D D
100%
E E
100%
F F
100%
G G
96%
H H
96%
I I
96%
J J
96%
K K
96%
L L
96%
M M
96%
N N
96%
O O
93%
P P
93%
Q Q
93%
R R
93%
S S
91%
T T
91%
U U
87%
V V
80%
W W
78%
X X
76%
Y Y
71%
Z Z
67%
Z Z
51%
Y Y
47%
X X
44%
W W
36%
V V
33%
U U
27%
R R
24%
S S
24%
T T
24%
Q Q
20%
M M
16%
N N
16%
O O
16%
P P
16%
L L
13%
I I
11%
J J
11%
K K
11%
G G
7%
H H
7%
E E
2%
F F
2%
A A
0%
B B
0%
C C
0%
D D
0%
No matching quizzes found
Score Distribution
Percent of People with Each Score
Percentile by Number Answered
Your Score History
You have not taken this quiz